In vacanza con i nonni /

Saved in:
书目详细资料
主要作者: Petrosino, Angelo (Author)
其他作者: Not, Sara
格式: 图书
语言:意大利语
出版: Casale Monferrato : Piemme junior, c2005
版:3. ed
丛编:Il battello a vapore. Valentina ; 15
标签: 添加标签
没有标签, 成为第一个标记此记录!

MARC

LEADER 00000nam a22000007i 4500
001 IT\ICCU\TER\0017437
003 ItRI
005 20241015103316.0
008 080123s2005 it |||||| ||||| |||||c
020 |a 8838450455 
040 |b ita  |c CDM 
041 7 |a ita  |2 ISO-639-2 
100 1 |a Petrosino, Angelo  |0 IT\ICCU\RAVV\045218  |4 aut 
245 1 0 |a In vacanza con i nonni /  |c Angelo Petrosino ; illustrazioni di Sara Not. 
250 |a 3. ed 
260 |a Casale Monferrato :  |b Piemme junior,  |c c2005 
300 |a 153 p. :  |b ill. ;  |c 19 cm. 
700 1 |a Not, Sara  |0 IT\ICCU\RAVV\104107 
830 3 |a Il battello a vapore. Valentina ;  |v 15  |0 IT\ICCU\TO0\0935066 
942 |2 ddc  |c BK 
952 |0 0  |1 0  |2 ddc  |4 0  |6 853_914000000000000_PET_VAC  |7 1  |9 2126  |a RA  |b RA  |d 2024-10-15  |l 0  |o 853.914 PET VAC  |p 9645  |r 2024-10-15 10:33:53  |w 2024-10-15  |y BK  |z Sezione ragazz3 
981 1 |6 z01  |a i   |b xxxe  
982 1 |6 z01  |a n 
999 |c 1868  |d 1868